Knowledge sharing in the context of process improvement initiatives (Record no. 78483)

MARC details
000 -LEADER
fixed length control field 01060cab a2200217 4500
001 - CONTROL NUMBER
control field L136890
008 - FIXED-LENGTH DATA ELEMENTS--GENERAL INFORMATION
fixed length control field 070228n2005 000 0 eng u
035 ## - SYSTEM CONTROL NUMBER
System control number (Sirsi) u136890
041 0# - LANGUAGE CODE
Language code of text/sound track or separate title eng
100 1# - MAIN ENTRY--PERSONAL NAME
Personal name Siriwardena, M.L.
245 00 - TITLE STATEMENT
Title Knowledge sharing in the context of process improvement initiatives
Remainder of title opportunities and challenges for construction organisations
Medium [electronic resource]
260 ## - PUBLICATION, DISTRIBUTION, ETC.
Place of publication, distribution, etc. Brisbane
Name of publisher, distributor, etc. Queensland University of Technology
Date of publication, distribution, etc. 2005
490 #0 - SERIES STATEMENT
Series statement COBRA
Volume/sequential designation 2005
520 ## - SUMMARY, ETC.
Summary, etc. Discusses the vital role of information within business processes and the importance of process improvement approaches. Discusses the under utilized power of IT for process improvement, the knowledge organisation, people issues and the need to avoid fragmentation.
590 ## - LOCAL NOTE (RLIN)
Local note KA
651 #4 - SUBJECT ADDED ENTRY--GEOGRAPHIC NAME
Geographic name International
690 ## - LOCAL SUBJECT ADDED ENTRY--TOPICAL TERM (OCLC, RLIN)
Topical term or geographic name as entry element MANAGEMENT-BUSINESS MANAGEMENT-INFORMATION MANAGEMENT
700 1# - ADDED ENTRY--PERSONAL NAME
Personal name Kagioglou, M.
856 40 - ELECTRONIC LOCATION AND ACCESS
Uniform Resource Identifier <a href="https://www.rics.org/site/scripts/download_info.aspx?downloadID=2611">https://www.rics.org/site/scripts/download_info.aspx?downloadID=2611</a>
Public note View the item free of charge at www.rics.org...
942 ## - ADDED ENTRY ELEMENTS (KOHA)
Suppress in OPAC 0
Holdings
Withdrawn status Lost status Source of classification or shelving scheme Damaged status Not for loan Home library Current library Shelving location Date acquired Total Checkouts Full call number Barcode Date last seen Copy number Price effective from Koha item type
    Dewey Decimal Classification     Virtual Virtual Online 28/02/2007   ONLINE PUBLICATION 136890-1001 06/08/2019 1 06/08/2019 Journal article